Quiz Cultura Generale - Quiz n°66 - Statistics

Statistiche generali
  • Questo quiz è stato fatto 240 volte
  • Il punteggio medio è 8 su 15
Statistiche sulle risposte
Domanda Risposta % Corretto
Quanti cateti ha un triangolo rettangolo? 2
98%
In quale città nacque San Francesco, patrono d'Italia? Assisi
98%
Quale valuta si utilizza in Regno Unito? Sterlina
97%
In quale regione italiana si trova Faenza? Emilia-Romagna
74%
In quale continente si trova lo stato di eSwatini? Africa
56%
Chi ha affrontato il West Ham in finale di Conference League nel 2023? Fiorentina
55%
A quale partito politico appartiene Giorgia Meloni? Fratelli d'Italia
49%
Quale famosa emittente radiofonica cattolica italiana venne fondata nel 1987 ad Erba? Radio Maria
46%
Com'è detto in medicina il verificarsi di una scarsa perfusione sanguigna al cervello provocando la morte delle cellule? Ictus
44%
Dove si trova il muscolo Sartorio, il più lungo del corpo umano? Coscia
40%
Come si chiama la divinità principale, personificazione del sacro o "totalmente Altro", della religione e della mitologia germanica e norrena? Odino
37%
In geometria, quale poliedro è formato dal collegamento tra una base poligonale e un punto, chiamato apice? Piramide
31%
Quale capitale americana sorge a pochi chilometri dall'equatore? Quito
30%
Quale sovrano europeo pose fine al Regno dei Longobardi in Italia? Carlo Magno
20%
Chi è stato l'ultimo Presidente del Consiglio dei Ministri del Regno d'Italia? Alcide De Gasperi
7%
Nessun quiz corrispondente trovato
Distribuzione punteggi
Percentuale di utenti per punteggio
Percentile per numero di risposta
I tuoi punteggi nel tempo
Non hai fatto questo quiz